| 000 | 00395cam a2200157ua 4500 | ||
|---|---|---|---|
| 041 |
_aeng _h |
||
| 082 |
_a425 _bBUR/HA |
||
| 100 | _aBurton, S H . | ||
| 245 |
_aHandbook of English practice / _cS H Burton. _hTextual Documents |
||
| 250 |
_a1 / _b. |
||
| 260 |
_aLondon : _bHeinemann Educational Books Ltd. , _c1961. |
||
| 300 | _a143 ; . | ||
| 504 | _a | ||
| 942 | _cBK | ||
| 999 |
_c8587 _d8587 |
||